Score 0/25 Timer 07:00
0 Plays Today
% Correct
The Flintstones
96.2%
The Addams Family
95%
Charlie's Angels
87%
Modern Family
86.3%
Zorro
85.4%
The View
80.1%
Black-ish
79%
Dharma & Greg
76%
Three's Company
74.6%
The Wonder Years
73.3%
The Goldbergs
65.1%
How to Get Away with Murder
62.7%
NYPD Blue
62.5%
% Correct
Scandal
58.2%
Last Man Standing
56.1%
Once Upon a Time
49%
Eight Is Enough
47.5%
Jimmy Kimmel Live!
46.3%
Quantico
45.7%
The Practice
40.8%
The Untouchables
36.5%
Kolchak: The Night Stalker
13.4%
It's a Living
11.6%
The Real O'Neals
9.8%
The Young Riders
6.4%

You're not logged in!

Compare scores with friends on all Sporcle quizzes.
OR
Log In

Sporcle TV

Today on Sporcle TV


Watch our educational content, quiz creation guides, and fun videos on Sporcle TV.

Show Comments

Extras

Top Quizzes Today


Score Distribution

Paid Content

Your Account Isn't Verified!

In order to create a playlist on Sporcle, you need to verify the email address you used during registration. Go to your Sporcle Settings to finish the process.

Report this User

Report this user for behavior that violates our Community Guidelines.

Details: